fast type a to z in order. TRY! - Statistics

General Stats
  • This quiz has been taken 73 times
  • The average score is 22 of 26
Answer Stats
Hint Answer % Correct
No a
93%
NO b
93%
NO c
93%
NO e
93%
NO d
91%
NO f
91%
NO g
91%
NO h
91%
NO i
91%
NO j
88%
NO m
88%
NO n
88%
NO o
88%
NO k
86%
NO l
86%
NO q
86%
NO p
79%
NO s
79%
NO r
77%
NO w
77%
NO t
74%
NO u
74%
NO v
72%
NO x
72%
NO y
72%
NO z
70%
No matching quizzes found
Score Distribution
Percent of People with Each Score
Percentile by Number Answered
Your Score History
You have not taken this quiz